000 01628nkm a2200397 c 4500
003 BLK
005 20180421002032.0
008 180412b bul rap|r|||| r0| ||bulo|
010 _aKNG00165087000
040 _aBLK
041 _aRUS
_cRUS
_hENG
080 _aЖивопис - Портрети
_b75.041.5
_x(470)
_z75.041.5(470)
100 1 _aПружан, Ирина Николаевна
_eпърви автор
_9113285
700 1 _aКнязева, Валентина Павловна
_eсъавт.
_9352411
139 _aПружан, Ирина Николаевна и др.
_bП 92
245 1 0 _aРуский портрет конца XIX - начала XX века
_bЖивопись. Графика
_cИрина Николаевна Пружан; съавт. Валентина Павловна Князева.
246 1 1 _aRussian Portrait of the Late 19th - 20th Centuries
257 _aSUN
260 Москва
_bИзобраз. искусство
_c1980
300 _a296 с.
_bс репрод.
_c35 см
380 _a7
500 _a30 000 тир. - Библиогр. с. 283-284. - Списък на репрод.- Рез. на англ.
650 4 _aПортрети
_9167199
650 4 _aЖивопис
_9155358
651 4 _aРусия
_9179465
653 _aпортрети
653 _aРусия
653 _aXIX в.
653 _aXX в.
653 _aживопис
852 _aЦб Гр А ІІ 2828
856 4 _qpdf
_u
856 4 _qpdf
_u
942 _cGRA
_n0
944 _aCR
_c19.09.2014
_l19.09.2014 - от С1,Р / 19.09.2014
_kКамелия_Данева
944 _aED
_c19.09.2014
_l19.09.2014 - от С1,Р / 19.09.2014
_k
999 _c210398
_d210398